[Event "SERBIA CHESS OPEN 2021 - MASTERS"]
[Site "Belgrade, Hotel Metropol"]
[Date "2021.07.03"]
[Round "2.1"]
[White "Polschikov, Alexey"]
[Black "Fedoseev, Vladimir"]
[Result "0-1"]
[WhiteElo "2420"]
[BlackElo "2696"]
[PlyCount "130"]
[EventDate "2021.??.??"]

1. Nf3 Nf6 2. c4 g6 3. Nc3 d5 4. Qa4+ Bd7 5. Qb3 dxc4 6. Qxc4 Bg7 7. e4 Bc6 8.
d3 O-O 9. Be2 Ne8 10. O-O Nd6 11. Qb3 b6 12. Rd1 Bb7 13. Bg5 h6 14. Be3 Nd7 15.
Rac1 Kh7 16. Qc2 f5 17. exf5 Nxf5 18. d4 e6 19. Ne4 Rc8 20. Bf4 Qe7 21. Be5
Nxe5 22. dxe5 Kh8 23. Qa4 Bd5 24. Nc3 Bxf3 25. Bxf3 Bxe5 26. Rd7 Qg5 27. Rcd1
Nh4 28. Bb7 Rf4 29. Rh7+ Kg8 30. Qd7 Rcf8 31. Re7 Bf6 32. Qxe6+ Kh8 33. Re8 Bg7
34. Rxf8+ Rxf8 35. g3 Nf5 36. Be4 c5 37. Ne2 Nd4 38. Nxd4 Bxd4 39. Qxg6 Qxg6
40. Bxg6 Bxb2 41. Rd7 Rf6 42. Bd3 Bd4 43. a4 a5 44. Bc4 Bxf2+ 45. Kg2 Be3 46.
Kh3 Bg1 47. Kg2 Bd4 48. Kh3 Rf2 49. Kg4 Rxh2 50. Kf5 Rf2+ 51. Kg6 Rf6+ 52. Kh5
Be3 53. g4 Rf4 54. Be6 Re4 55. Bd5 Re5+ 56. Kh4 Bf4 57. Bc4 Bg5+ 58. Kh5 Bd2+
59. Kg6 Rg5+ 60. Kf7 Rg7+ 61. Ke6 Rxg4 62. Rd8+ Kg7 63. Rd7+ Kg6 64. Bd3+ Kg5
65. Bf5 Rd4 0-1

[Event "SERBIA CHESS OPEN 2021 - MASTERS"]
[Site "Belgrade, Hotel Metropol"]
[Date "2021.07.03"]
[Round "2.2"]
[White "Kuzubov, Yuriy"]
[Black "Milanovic, Danilo"]
[Result "1-0"]
[WhiteElo "2653"]
[BlackElo "2416"]
[PlyCount "53"]
[EventDate "2021.??.??"]

1. Nf3 Nf6 2. c4 d6 3. Nc3 Bf5 4. g3 g6 5. Bg2 Qc8 6. O-O Bh3 7. d4 Bxg2 8.
Kxg2 Bg7 9. e4 O-O 10. Qe2 Nfd7 11. Be3 c5 12. d5 Na6 13. Bf4 f6 14. h4 Nc7 15.
h5 g5 16. Bd2 h6 17. Nh2 f5 18. f4 gxf4 19. Rxf4 fxe4 20. Rxe4 Ne5 21. Ng4 Kh7
22. Nxe5 dxe5 23. Rg4 Ne8 24. Rg6 Rf6 25. Ne4 Rxg6 26. hxg6+ Kxg6 27. Rh1 1-0

[Event "SERBIA CHESS OPEN 2021 - MASTERS"]
[Site "Belgrade, Hotel Metropol"]
[Date "2021.07.03"]
[Round "2.3"]
[White "Maksimovic, Bojan"]
[Black "Kovalenko, Igor"]
[Result "0-1"]
[WhiteElo "2418"]
[BlackElo "2643"]
[PlyCount "74"]
[EventDate "2021.??.??"]

1. e4 e6 2. d4 d5 3. Nc3 dxe4 4. Nxe4 Bd7 5. Nf3 Bc6 6. Bd3 Nd7 7. O-O Ngf6 8.
Qe2 Nxe4 9. Bxe4 Bxe4 10. Qxe4 c6 11. Bf4 Be7 12. Rfe1 O-O 13. c4 Qb6 14. Qc2
Bf6 15. Rad1 Rfe8 16. Ne5 Rad8 17. c5 Qc7 18. Qc3 Nxe5 19. dxe5 Rxd1 20. Rxd1
Rd8 21. Qb3 Rxd1+ 22. Qxd1 Be7 23. b4 a5 24. a3 axb4 25. axb4 g5 26. Bg3 b6 27.
h4 bxc5 28. bxc5 h6 29. Qh5 Kg7 30. f4 Bxc5+ 31. Kh2 Qd8 32. Qg4 Be7 33. fxg5
hxg5 34. hxg5 Qd3 35. Bh4 Kg6 36. Bg3 Bxg5 37. Qh3 Qe2 0-1

[Event "SERBIA CHESS OPEN 2021 - MASTERS"]
[Site "Belgrade, Hotel Metropol"]
[Date "2021.07.03"]
[Round "2.4"]
[White "Ter-Sahakyan, Samvel"]
[Black "Agibileg, Uurtsaikh"]
[Result "1-0"]
[WhiteElo "2643"]
[BlackElo "2413"]
[PlyCount "75"]
[EventDate "2021.??.??"]

1. e4 c5 2. Nf3 e6 3. d4 cxd4 4. Nxd4 Nc6 5. Nc3 Qc7 6. Be3 a6 7. Qd2 Nf6 8. f4
Bb4 9. Bd3 d5 10. e5 Ng4 11. Bg1 g5 12. Be2 gxf4 13. Bxg4 Nxe5 14. Be2 Rg8 15.
O-O-O Rxg2 16. Bb5+ axb5 17. Qxg2 Bxc3 18. bxc3 Rxa2 19. Kd2 b4 20. cxb4 Bd7
21. Qg8+ Ke7 22. Qg5+ Kf8 23. Rc1 Ba4 24. Nxe6+ fxe6 25. Qf6+ Kg8 26. Qxe6+ Kg7
27. Bc5 Nf3+ 28. Kc3 Bxc2 29. Qxd5 Bg6 30. Rhd1 b6 31. Qd7+ Qxd7 32. Rxd7+ Kh6
33. Bxb6 Ne5 34. Rd6 f3 35. Be3+ Kh5 36. Rd5 Ra3+ 37. Kd4 Rd3+ 38. Kxe5 1-0

[Event "SERBIA CHESS OPEN 2021 - MASTERS"]
[Site "Belgrade, Hotel Metropol"]
[Date "2021.07.03"]
[Round "2.5"]
[White "Petrosyan, Manuel"]
[Black "Nguyen, Piotr"]
[Result "1-0"]
[WhiteElo "2632"]
[BlackElo "2411"]
[PlyCount "109"]
[EventDate "2021.??.??"]

1. c4 c5 2. Nc3 g6 3. g3 Bg7 4. Bg2 Nc6 5. d3 d6 6. Qd2 e5 7. b3 Nge7 8. Bb2
O-O 9. h4 h6 10. O-O-O Be6 11. h5 g5 12. f4 g4 13. e3 d5 14. cxd5 Nxd5 15. Bxd5
Bxd5 16. e4 Be6 17. f5 Bd7 18. Rh4 Bf6 19. Rxg4+ Kh7 20. Nd5 Nd4 21. Nh3 Bc6
22. Nxf6+ Qxf6 23. Nf2 a5 24. Bxd4 cxd4 25. Rh4 Rg8 26. Ng4 Qd6 27. Kb2 Rg5 28.
a3 b6 29. Rg1 Rag8 30. Nh2 a4 31. g4 axb3 32. Nf3 Ra8 33. Qb4 Qxb4 34. axb4
Rgg8 35. Nxe5 Bb5 36. Kxb3 Rgc8 37. Nc4 Ra6 38. Rc1 Rca8 39. Rh2 Kg7 40. e5 Bc6
41. Rb1 Bd5 42. Kc2 Rc8 43. Kd1 b5 44. Na5 Rc3 45. Rc1 Rxd3+ 46. Rd2 Rg3 47.
Rxd4 Bf3+ 48. Kd2 Bxg4 49. f6+ Kh7 50. Rc7 Bxh5 51. Rd6 Rxd6+ 52. exd6 Rg1 53.
Nb7 Kg6 54. d7 Rd1+ 55. Ke3 1-0

[Event "SERBIA CHESS OPEN 2021 - MASTERS"]
[Site "Belgrade, Hotel Metropol"]
[Date "2021.07.03"]
[Round "2.6"]
[White "Babazada, Khazar"]
[Black "Pichot, Alan"]
[Result "1/2-1/2"]
[WhiteElo "2409"]
[BlackElo "2630"]
[PlyCount "59"]
[EventDate "2021.??.??"]

1. e4 c5 2. Nf3 Nc6 3. d4 cxd4 4. Nxd4 Nf6 5. Nc3 e5 6. Ndb5 d6 7. Bg5 a6 8.
Na3 b5 9. Nd5 Be7 10. Bxf6 Bxf6 11. c3 Bg5 12. g3 O-O 13. Nc2 Rb8 14. h4 Bh6
15. Bh3 Be6 16. Nce3 Bxe3 17. Nxe3 Qd7 18. Bxe6 fxe6 19. O-O Rfd8 20. Qh5 Qf7
21. Qxf7+ Kxf7 22. Rfd1 Rd7 23. Rd3 Ke7 24. Rad1 a5 25. a4 bxa4 26. Nc4 Rbd8
27. Kf1 d5 28. exd5 Rxd5 29. Ke2 Rxd3 30. Rxd3 1/2-1/2

[Event "SERBIA CHESS OPEN 2021 - MASTERS"]
[Site "Belgrade, Hotel Metropol"]
[Date "2021.07.03"]
[Round "2.7"]
[White "Nihal, Sarin"]
[Black "Raja, Rithvik R"]
[Result "1-0"]
[WhiteElo "2620"]
[BlackElo "2408"]
[PlyCount "43"]
[EventDate "2021.??.??"]

1. c4 c5 2. Nf3 Nf6 3. Nc3 Nc6 4. d4 cxd4 5. Nxd4 e6 6. g3 Qb6 7. Ndb5 Ne5 8.
Bg2 a6 9. Qa4 Bc5 10. Bf4 Bxf2+ 11. Kf1 Nfg4 12. h3 g5 13. Bxg5 Rb8 14. c5 Bxc5
15. hxg4 axb5 16. Qf4 d6 17. Ne4 Ng6 18. Nf6+ Kd8 19. Nxh7+ Kc7 20. Qxf7+ Bd7
21. Qxg6 Rhg8 22. Qf7 1-0

[Event "SERBIA CHESS OPEN 2021 - MASTERS"]
[Site "Belgrade, Hotel Metropol"]
[Date "2021.07.03"]
[Round "2.8"]
[White "Savanovic, Aleksandar"]
[Black "Indjic, Aleksandar"]
[Result "0-1"]
[WhiteElo "2406"]
[BlackElo "2607"]
[PlyCount "48"]
[EventDate "2021.??.??"]

1. e4 c5 2. Nf3 e6 3. d4 cxd4 4. Nxd4 a6 5. Bd3 Bc5 6. Nb3 Be7 7. O-O d6 8. c4
Nf6 9. Nc3 b6 10. f4 Nbd7 11. Qe2 Qc7 12. Bd2 Bb7 13. Rae1 h5 14. Kh1 h4 15.
Qf3 g5 16. fxg5 Ne5 17. Qh3 Nh7 18. Qxh4 O-O-O 19. Qg3 Nxg5 20. Bf4 Rdg8 21.
Bxe5 dxe5 22. Qe3 f5 23. Rc1 f4 24. Qe2 Bb4 0-1

[Event "SERBIA CHESS OPEN 2021 - MASTERS"]
[Site "Belgrade, Hotel Metropol"]
[Date "2021.07.03"]
[Round "2.9"]
[White "Sargsyan, Anna M"]
[Black "Ivanisevic, Ivan"]
[Result "1/2-1/2"]
[WhiteElo "2397"]
[BlackElo "2606"]
[PlyCount "94"]
[EventDate "2021.??.??"]

1. e4 e5 2. Nf3 Nc6 3. Bc4 Nf6 4. d3 Be7 5. O-O O-O 6. c3 d6 7. Re1 Na5 8. Bb5
a6 9. Ba4 b5 10. Bc2 c5 11. Nbd2 Re8 12. Nf1 h6 13. Ng3 Bf8 14. h3 d5 15. exd5
Qxd5 16. d4 cxd4 17. cxd4 Bb7 18. dxe5 Qxd1 19. Bxd1 Nd7 20. Nh5 Nc4 21. e6
fxe6 22. b3 Na3 23. Nd4 Bb4 24. Re3 g6 25. Nxe6 Rac8 26. Nhf4 g5 27. Nd3 Bc3
28. Bxa3 Bxa1 29. Bh5 a5 30. Bxe8 Rxe8 31. Bb2 Bxb2 32. Nxb2 Rc8 33. Nd4 Nf6
34. Re6 Ne4 35. Rg6+ Kf7 36. Rb6 Rc1+ 37. Kh2 Bc8 38. Rc6 Rxc6 39. Nxc6 Nxf2
40. Nxa5 Ke6 41. Kg3 Ne4+ 42. Kg4 Ke5+ 43. Kh5 Kf4 44. Kxh6 Kg3 45. a4 bxa4 46.
Nxa4 Kxg2 47. Nc5 Nxc5 1/2-1/2

[Event "SERBIA CHESS OPEN 2021 - MASTERS"]
[Site "Belgrade, Hotel Metropol"]
[Date "2021.07.03"]
[Round "2.10"]
[White "Shevchenko, Kirill"]
[Black "Fus, Jakub"]
[Result "1-0"]
[WhiteElo "2605"]
[BlackElo "2403"]
[PlyCount "59"]
[EventDate "2021.??.??"]

1. e4 e6 2. d4 d5 3. e5 c5 4. c3 Qb6 5. Nf3 Nc6 6. Be2 cxd4 7. cxd4 Nge7 8. Na3
Nf5 9. Nc2 Nb4 10. Nxb4 Bxb4+ 11. Kf1 Bd7 12. g4 Nh6 13. h3 Rc8 14. Kg2 Bb5 15.
Bxb5+ Qxb5 16. Qb3 a6 17. Bxh6 gxh6 18. Qe3 Bf8 19. Rac1 Rc6 20. Rc3 Rxc3 21.
Qxc3 Qc6 22. Qd2 Bg7 23. Rc1 Qd7 24. Qb4 f6 25. Qb6 O-O 26. Rc7 Qe8 27. Qxb7
Qg6 28. Nh4 Qe4+ 29. Kg3 Bh8 30. Qc6 1-0

[Event "SERBIA CHESS OPEN 2021 - MASTERS"]
[Site "Belgrade, Hotel Metropol"]
[Date "2021.07.03"]
[Round "2.11"]
[White "Megalios, Konstantinos"]
[Black "Puranik, Abhimanyu"]
[Result "1/2-1/2"]
[WhiteElo "2390"]
[BlackElo "2589"]
[PlyCount "25"]
[EventDate "2021.??.??"]

1. d4 Nf6 2. c4 g6 3. Nf3 Bg7 4. e3 O-O 5. Be2 e6 6. b4 d5 7. Nbd2 b6 8. O-O
Ne4 9. Bb2 Qe7 10. Qb3 Nxd2 11. Nxd2 dxc4 12. Qxc4 Bb7 13. Bf3 1/2-1/2

[Event "SERBIA CHESS OPEN 2021 - MASTERS"]
[Site "Belgrade, Hotel Metropol"]
[Date "2021.07.03"]
[Round "2.12"]
[White "Ivic, Velimir"]
[Black "Perez Gormaz, Matias"]
[Result "1-0"]
[WhiteElo "2582"]
[BlackElo "2400"]
[PlyCount "93"]
[EventDate "2021.??.??"]

1. c4 e6 2. Nc3 d5 3. d4 Bb4 4. a3 Bxc3+ 5. bxc3 Nf6 6. cxd5 exd5 7. e3 O-O 8.
Bd3 b6 9. Ne2 Ba6 10. Bxa6 Nxa6 11. Qd3 Nb8 12. O-O Nc6 13. f3 Re8 14. Ng3 Na5
15. e4 Nb3 16. Bg5 Nxa1 17. Rxa1 h6 18. Bd2 dxe4 19. fxe4 c5 20. Rf1 Rc8 21. d5
Qe7 22. c4 Ng4 23. h3 Ne5 24. Qc3 Ng6 25. Qe3 Kh7 26. Bc3 f6 27. Rf5 Rcd8 28.
Bxf6 gxf6 29. Rh5 Kg8 30. Rxh6 Nf8 31. Nh5 Qe5 32. Nxf6+ Kg7 33. Nh5+ Kg8 34.
Qf3 Qd4+ 35. Kh2 Qe5+ 36. Ng3 Rd7 37. Rh5 Qd6 38. Qe3 Rf7 39. e5 Ng6 40. Ne4
Rxe5 41. Qg3 Qe7 42. Qxg6+ Rg7 43. Nf6+ Qxf6 44. Qxf6 Rxh5 45. d6 Rh8 46. Qe6+
Kh7 47. Qe4+ 1-0

[Event "SERBIA CHESS OPEN 2021 - MASTERS"]
[Site "Belgrade, Hotel Metropol"]
[Date "2021.07.03"]
[Round "2.13"]
[White "Yankelevich, Lev"]
[Black "Postny, Evgeny"]
[Result "1/2-1/2"]
[WhiteElo "2389"]
[BlackElo "2578"]
[PlyCount "64"]
[EventDate "2021.??.??"]

1. d4 Nf6 2. c4 e6 3. Nc3 Bb4 4. e3 c5 5. Nge2 d5 6. a3 Ba5 7. dxc5 dxc4 8.
Qxd8+ Bxd8 9. Nd4 Nbd7 10. Bxc4 Nxc5 11. Nb3 Nfd7 12. Nxc5 Nxc5 13. b4 Bf6 14.
Bb2 Nd7 15. O-O-O Nb6 16. Bb5+ Bd7 17. Bxd7+ Nxd7 18. Ne4 Bxb2+ 19. Kxb2 Ke7
20. Nd6 a5 21. Nc4 axb4 22. axb4 Nf6 23. Kb3 Rac8 24. f3 Rc7 25. e4 Rhc8 26.
Rd4 b5 27. Na3 Rc3+ 28. Kb2 Re3 29. Rhd1 Re2+ 30. R4d2 Re3 31. Rd3 Re2+ 32.
R3d2 Re3 1/2-1/2

[Event "SERBIA CHESS OPEN 2021 - MASTERS"]
[Site "Belgrade, Hotel Metropol"]
[Date "2021.07.03"]
[Round "2.14"]
[White "Asadli, Vugar"]
[Black "Can, Isik"]
[Result "1-0"]
[WhiteElo "2574"]
[BlackElo "2398"]
[PlyCount "71"]
[EventDate "2021.??.??"]

1. e4 c6 2. Nf3 d5 3. Nc3 Bg4 4. h3 Bxf3 5. Qxf3 e6 6. g3 Nd7 7. Bg2 d4 8. Nb1
h5 9. d3 h4 10. O-O Bd6 11. c3 Ne5 12. Qe2 Bc5 13. g4 dxc3 14. Rd1 cxb2 15.
Bxb2 Bd4 16. Na3 Ne7 17. Rab1 Rb8 18. Bc1 c5 19. Kh1 O-O 20. f4 N5g6 21. Qe1 e5
22. f5 Nf4 23. g5 f6 24. g6 Qd7 25. Qxh4 Rfd8 26. Nb5 Kf8 27. Rf1 a6 28. Nxd4
Qxd4 29. Rxf4 exf4 30. Bxf4 b5 31. Rf1 Ng8 32. Qh8 Qxd3 33. h4 Re8 34. e5 Rxe5
35. Bxe5 fxe5 36. f6 1-0

[Event "SERBIA CHESS OPEN 2021 - MASTERS"]
[Site "Belgrade, Hotel Metropol"]
[Date "2021.07.03"]
[Round "2.15"]
[White "Fier, Alexandr"]
[Black "Milosevic, Milos"]
[Result "1/2-1/2"]
[WhiteElo "2569"]
[BlackElo "2396"]
[PlyCount "63"]
[EventDate "2021.??.??"]

1. e4 e6 2. d4 d5 3. Nc3 dxe4 4. Nxe4 Nd7 5. Nf3 Ngf6 6. Nxf6+ Nxf6 7. g3 b6 8.
Bb5+ Bd7 9. a4 Bd6 10. Bg5 a6 11. Bxd7+ Qxd7 12. Bxf6 gxf6 13. O-O O-O 14. Re1
Kh8 15. d5 Rae8 16. Qd3 Rg8 17. c4 e5 18. Qc3 Bf8 19. b4 b5 20. a5 bxc4 21.
Qxc4 Qg4 22. Qc3 Bg7 23. Rad1 e4 24. Nd2 f5 25. Qxc7 e3 26. fxe3 Rxe3 27. Nf1
Rc3 28. Qxf7 Bd4+ 29. Kg2 Qf3+ 30. Kh3 Qg4+ 31. Kg2 Qf3+ 32. Kh3 1/2-1/2

[Event "SERBIA CHESS OPEN 2021 - MASTERS"]
[Site "Belgrade, Hotel Metropol"]
[Date "2021.07.03"]
[Round "2.17"]
[White "Perunovic, Milos"]
[Black "Salimova, Nurgyul"]
[Result "1-0"]
[WhiteElo "2567"]
[BlackElo "2395"]
[PlyCount "91"]
[EventDate "2021.??.??"]

1. e4 e5 2. Nf3 Nc6 3. Bb5 a6 4. Ba4 Nf6 5. Nc3 b5 6. Bb3 Bc5 7. d3 h6 8. Nd5
d6 9. c3 Be6 10. O-O Bxd5 11. exd5 Ne7 12. d4 exd4 13. Nxd4 O-O 14. Qf3 Bxd4
15. cxd4 Qd7 16. Bxh6 Qf5 17. Qg3 Ng6 18. Bd2 Nxd5 19. Rac1 Rae8 20. Qg5 Qxg5
21. Bxg5 Ndf4 22. Kh1 Ne2 23. Rcd1 c5 24. dxc5 dxc5 25. Be3 Nd4 26. Bxd4 cxd4
27. Rxd4 Re2 28. Rd6 Ne5 29. Rxa6 Rxb2 30. Rb6 Rc8 31. Rxb5 Rxf2 32. Kg1 Re2
33. h3 Rc3 34. Rf5 Rce3 35. Rb7 Rg3 36. Rf2 Re1+ 37. Kh2 Rg5 38. a4 Ra1 39. Rb5
Ra3 40. Ra2 Rxa2 41. Bxa2 Kh7 42. Bd5 f5 43. a5 f4 44. a6 f3 45. g4 f2 46. Kg2
1-0

[Event "SERBIA CHESS OPEN 2021 - MASTERS"]
[Site "Belgrade, Hotel Metropol"]
[Date "2021.07.03"]
[Round "2.18"]
[White "Suleymanli, Aydin"]
[Black "Tadic, Stefan"]
[Result "1/2-1/2"]
[WhiteElo "2563"]
[BlackElo "2390"]
[PlyCount "93"]
[EventDate "2021.??.??"]

1. d4 Nf6 2. c4 c5 3. d5 b5 4. cxb5 a6 5. b6 e6 6. Nc3 Nxd5 7. Nxd5 exd5 8.
Qxd5 Nc6 9. e4 Be7 10. Bc4 O-O 11. Ne2 Qxb6 12. O-O d6 13. Nf4 Bb7 14. Qh5 Nb4
15. Qe2 Rae8 16. a3 Nc6 17. Nd5 Qa7 18. Bf4 Nd4 19. Qd3 Bxd5 20. Bxd5 Ne6 21.
Bxe6 fxe6 22. Bxd6 Rd8 23. e5 Bxd6 24. exd6 Qb6 25. Rad1 Rf5 26. Qe2 Rxd6 27.
Rxd6 Qxd6 28. Rd1 Qc6 29. Rd8+ Rf8 30. Rd3 Rf5 31. Rd8+ Rf8 32. Rd3 Rf5 33. h3
Rd5 34. Re3 Qd6 35. g3 Rd1+ 36. Kg2 Qd5+ 37. Qf3 Qxf3+ 38. Kxf3 Kf7 39. Ke2 Rd6
40. Rb3 Kf6 41. Rb7 h5 42. h4 g6 43. Ke3 Ke5 44. Rc7 Kd5 45. b4 cxb4 46. axb4
e5 47. Rc5+ 1/2-1/2

[Event "SERBIA CHESS OPEN 2021 - MASTERS"]
[Site "Belgrade, Hotel Metropol"]
[Date "2021.07.03"]
[Round "2.19"]
[White "Todorovic, Goran M"]
[Black "Sanal, Vahap"]
[Result "0-1"]
[WhiteElo "2373"]
[BlackElo "2556"]
[PlyCount "127"]
[EventDate "2021.??.??"]

1. e4 e5 2. Nf3 Nc6 3. Bb5 a6 4. Ba4 Nf6 5. O-O Be7 6. Re1 b5 7. Bb3 O-O 8. c3
d6 9. h3 Nb8 10. d4 Nbd7 11. Nbd2 Bb7 12. Bc2 Re8 13. Nf1 Bf8 14. Ng3 g6 15. a4
Nb6 16. a5 Nbd7 17. Bg5 h6 18. Bd2 c5 19. d5 c4 20. b3 cxb3 21. Bxb3 Nc5 22.
Bc2 Bc8 23. Qe2 Bd7 24. Reb1 Qc7 25. Ne1 Nb7 26. Nd3 Nxa5 27. Nb4 Bc8 28. Bd3
Nd7 29. Ra3 Nc5 30. Rba1 Nxd3 31. Qxd3 Nc4 32. Nxa6 Qb7 33. R3a2 Bd7 34. Nf1 f5
35. Qg3 Kh7 36. exf5 gxf5 37. Nc7 Rxa2 38. Nxe8 Bxe8 39. Rxa2 f4 40. Qg4 Bf7
41. Nh2 Bxd5 42. Qf5+ Kg7 43. Ng4 Be7 44. Bxf4 exf4 45. Qxf4 Ne5 46. Qxh6+ Kf7
47. Nxe5+ dxe5 48. Ra6 Be4 49. Qh5+ Kf8 50. Qh8+ Kf7 51. Qh5+ Kf8 52. Re6 Bd3
53. Qxe5 Bc4 54. Qf5+ Ke8 55. Re5 Qd7 56. Qe4 Kf8 57. Qf4+ Kg7 58. Re1 Bf6 59.
Re3 Kf7 60. g4 Kg6 61. Rf3 Qe6 62. Re3 Qd5 63. Kh2 Bg5 64. Qg3 0-1

[Event "SERBIA CHESS OPEN 2021 - MASTERS"]
[Site "Belgrade, Hotel Metropol"]
[Date "2021.07.03"]
[Round "2.20"]
[White "Sadhwani, Raunak"]
[Black "Mullick, Raahil"]
[Result "1-0"]
[WhiteElo "2555"]
[BlackElo "2386"]
[PlyCount "75"]
[EventDate "2021.??.??"]

1. d4 d5 2. c4 c6 3. Nf3 Nf6 4. Nc3 dxc4 5. a4 Bf5 6. Ne5 Nbd7 7. Nxc4 Nb6 8.
Ne5 a5 9. f3 Nfd7 10. Nxd7 Nxd7 11. e4 Bg6 12. Be2 e6 13. O-O Bb4 14. Be3 O-O
15. Qb3 Qc7 16. Rac1 Rac8 17. Kh1 Qb8 18. Bg1 Rfd8 19. Na2 Bd6 20. Rc2 c5 21.
d5 exd5 22. Qxd5 Nf6 23. Qb3 Nh5 24. Nc3 Kh8 25. Bc4 Rf8 26. Rd1 Rce8 27. Rcd2
Bf4 28. Rd7 f5 29. exf5 Bxf5 30. Rxb7 Qc8 31. Bf7 Be6 32. Bxe6 Rxe6 33. Ne4 c4
34. Qb5 Rxe4 35. fxe4 Qg4 36. Qf5 Nf6 37. Qxg4 Nxg4 38. Rf1 1-0

[Event "SERBIA CHESS OPEN 2021 - MASTERS"]
[Site "Belgrade, Hotel Metropol"]
[Date "2021.07.03"]
[Round "2.21"]
[White "Lajthajm, Borko"]
[Black "Basso, Pier Luigi"]
[Result "0-1"]
[WhiteElo "2370"]
[BlackElo "2550"]
[PlyCount "76"]
[EventDate "2021.??.??"]

1. e4 e5 2. Nf3 Nc6 3. Bb5 Nf6 4. d3 Bc5 5. O-O Nd4 6. Nxd4 Bxd4 7. c3 Bb6 8.
Bg5 h6 9. Bh4 c6 10. Ba4 d6 11. Nd2 g5 12. Bg3 h5 13. h4 Bg4 14. Qe1 Nh7 15.
hxg5 h4 16. Bh2 Nxg5 17. Bd1 Be6 18. Kh1 Qe7 19. Nf3 Nxf3 20. Bxf3 O-O-O 21. a4
a6 22. Qe2 Rdg8 23. Rad1 Qf6 24. b4 Rg6 25. b5 cxb5 26. axb5 axb5 27. Rb1 Bd7
28. c4 Rhg8 29. cxb5 Bg4 30. Bxg4+ Rxg4 31. f3 Rxg2 32. Qxg2 Rxg2 33. Kxg2 Qh6
34. f4 Be3 35. fxe5 dxe5 36. Rf5 f6 37. Kf3 Bd4 38. Bg1 Qd2 0-1

[Event "SERBIA CHESS OPEN 2021 - MASTERS"]
[Site "Belgrade, Hotel Metropol"]
[Date "2021.07.03"]
[Round "2.22"]
[White "Bjerre, Jonas Buhl"]
[Black "Arsovic, Zoran"]
[Result "1-0"]
[WhiteElo "2546"]
[BlackElo "2381"]
[PlyCount "81"]
[EventDate "2021.??.??"]

1. d4 Nf6 2. c4 e6 3. Nf3 Bb4+ 4. Bd2 Qe7 5. g3 Nc6 6. Bg2 Bxd2+ 7. Qxd2 Ne4 8.
Qc2 Qb4+ 9. Kf1 f5 10. a3 Qe7 11. Nc3 Nxc3 12. Qxc3 O-O 13. b4 d6 14. e3 Nd8
15. Re1 Bd7 16. h4 Rb8 17. Kg1 Be8 18. h5 b5 19. cxb5 Bxb5 20. Rc1 Rc8 21. Nh4
Nf7 22. d5 c5 23. dxe6 Qxe6 24. Kh2 Ng5 25. h6 gxh6 26. bxc5 dxc5 27. Rb1 Ne4
28. Qc2 Bc6 29. Rhd1 Rfd8 30. f3 Ng5 31. Qxf5 Nxf3+ 32. Kh1 Qxf5 33. Nxf5 Rxd1+
34. Rxd1 Rc7 35. Rc1 Bd5 36. Rf1 c4 37. Bxf3 Bxf3+ 38. Rxf3 c3 39. Rf1 c2 40.
Rc1 Rc3 41. Kg2 1-0

[Event "SERBIA CHESS OPEN 2021 - MASTERS"]
[Site "Belgrade, Hotel Metropol"]
[Date "2021.07.03"]
[Round "2.23"]
[White "Meissner, Felix"]
[Black "Aleksandrov, Aleksej"]
[Result "0-1"]
[WhiteElo "2362"]
[BlackElo "2535"]
[PlyCount "80"]
[EventDate "2021.??.??"]

1. d4 d5 2. Nf3 Nf6 3. c4 e6 4. Nc3 c5 5. cxd5 Nxd5 6. e4 Nxc3 7. bxc3 cxd4 8.
cxd4 Bb4+ 9. Bd2 Bxd2+ 10. Qxd2 O-O 11. Bc4 Nd7 12. O-O b6 13. Qf4 Bb7 14. Rfe1
Rc8 15. Bb3 Qf6 16. Qg3 Rc3 17. Rad1 h6 18. Qd6 Rd8 19. Qb4 Rdc8 20. Nd2 a5 21.
Qd6 Qd8 22. Nb1 R3c6 23. Qg3 b5 24. d5 exd5 25. Bxd5 Rb6 26. Qh3 Bxd5 27. Rxd5
Rb7 28. Qd3 Qe8 29. Qd2 Nb6 30. Rd4 b4 31. Qd3 Rd7 32. h3 Qe6 33. a3 b3 34. Nc3
b2 35. Rxd7 Qxd7 36. Qxd7 Nxd7 37. Nb1 Rc2 38. Kf1 Nc5 39. f3 Nd3 40. Rd1 Nf4
0-1

[Event "SERBIA CHESS OPEN 2021 - MASTERS"]
[Site "Belgrade, Hotel Metropol"]
[Date "2021.07.03"]
[Round "2.24"]
[White "Warmerdam, Max"]
[Black "Damjanovic, Vuk"]
[Result "1-0"]
[WhiteElo "2535"]
[BlackElo "2369"]
[PlyCount "109"]
[EventDate "2021.??.??"]

1. d4 d6 2. e4 Nf6 3. Bd3 e5 4. c3 Be7 5. Nf3 Bg4 6. h3 Bh5 7. Be3 O-O 8. Nbd2
Nc6 9. d5 Nb8 10. c4 a5 11. a3 Na6 12. Rb1 Nd7 13. Bc2 c6 14. O-O Qc8 15. Re1
Bd8 16. dxc6 bxc6 17. Nf1 Bxf3 18. Qxf3 Nac5 19. Red1 Be7 20. Rd2 Ne6 21. Ng3
g6 22. Qd1 c5 23. Ne2 Nb6 24. Bd3 Nd4 25. Nc3 a4 26. f4 exf4 27. Bxf4 Ne6 28.
Be3 Bf6 29. Bf1 Nd4 30. Nb5 Nxb5 31. cxb5 Be5 32. Rxd6 Bxd6 33. Qxd6 Qd8 34.
Rd1 Qxd6 35. Rxd6 Nc8 36. Rd7 Nb6 37. Rd6 Nc8 38. Rf6 Re8 39. Bxc5 Re6 40. Rxe6
fxe6 41. Kf2 Rb8 42. Ke3 Kf7 43. Kd4 Kf6 44. e5+ Kf5 45. g3 Rb7 46. Bd3+ Kg5
47. Kc4 Kh6 48. Be4 Rd7 49. b6 Nxb6+ 50. Bxb6 Rd1 51. Be3+ Kg7 52. Bc2 Re1 53.
Bf4 g5 54. Bxg5 Rxe5 55. Bf4 1-0

[Event "SERBIA CHESS OPEN 2021 - MASTERS"]
[Site "Belgrade, Hotel Metropol"]
[Date "2021.07.03"]
[Round "2.25"]
[White "Kamer, Kayra"]
[Black "Zanan, Evgeny"]
[Result "1/2-1/2"]
[WhiteElo "2355"]
[BlackElo "2535"]
[PlyCount "145"]
[EventDate "2021.??.??"]

1. e4 c5 2. Nf3 d6 3. d4 cxd4 4. Nxd4 Nf6 5. Nc3 a6 6. a3 e5 7. Nf5 d5 8. Bg5
d4 9. Bxf6 gxf6 10. Nb1 Bxf5 11. exf5 Qd5 12. Qd3 Nd7 13. Nd2 Nc5 14. Qh3 h5
15. b4 Ne4 16. Qf3 Nc3 17. Qxd5 Nxd5 18. Ne4 Rc8 19. c4 dxc3 20. O-O-O Nb6 21.
Kc2 Be7 22. Be2 h4 23. Rd3 Kf8 24. Rhd1 Rg8 25. g4 hxg3 26. hxg3 Kg7 27. g4 Rc4
28. Bf3 Re8 29. Bg2 Na4 30. Rd7 b5 31. g5 fxg5 32. Rxe7 Rxe7 33. f6+ Kf8 34.
fxe7+ Kxe7 35. Rd3 f5 36. Nxg5 Rg4 37. Rg3 Rd4 38. Rd3 Rg4 39. Rg3 Rd4 40. Nf3
Rf4 41. Rg7+ Kf6 42. Ra7 e4 43. Rxa6+ Kg7 44. Ra5 exf3 45. Bf1 Rd4 46. Bxb5
Rd2+ 47. Kb3 Nb2 48. Kxc3 Rxf2 49. Kd4 Nd1 50. Ke5 Rd2 51. Kxf5 Rd5+ 52. Ke6
Nc3 53. Ra7+ Kg6 54. Be8+ Kg5 55. Rf7 Rd3 56. Bc6 Ne2 57. Bxf3 Nf4+ 58. Ke5
Rxf3 59. Ra7 Rb3 60. Kd4 Kf5 61. Rf7+ Kg5 62. Ra7 Kf5 63. Kc4 Rb1 64. a4 Ke5
65. Ra5+ Kd6 66. Ra6+ Kd7 67. Ra7+ Kd6 68. Ra6+ Kd7 69. Rh6 Rc1+ 70. Kb5 Nd5
71. Rh7+ Kd6 72. Rh6+ Kd7 73. Rh7+ 1/2-1/2

[Event "SERBIA CHESS OPEN 2021 - MASTERS"]
[Site "Belgrade, Hotel Metropol"]
[Date "2021.07.03"]
[Round "2.26"]
[White "Iskandarov, Misratdin"]
[Black "Vardaan, Nagpal"]
[Result "1/2-1/2"]
[WhiteElo "2533"]
[BlackElo "2366"]
[PlyCount "94"]
[EventDate "2021.??.??"]

1. e4 e5 2. Nc3 Nf6 3. d4 exd4 4. Qxd4 Nc6 5. Qd3 Bb4 6. Bd2 O-O 7. O-O-O Re8
8. Nge2 d6 9. Bg5 h6 10. Bxf6 Qxf6 11. Nd5 Qd8 12. f4 Bc5 13. Nec3 Nb4 14. Nxb4
Bxb4 15. Nd5 Bc5 16. Be2 Be6 17. Kb1 c6 18. Nc3 b5 19. Qg3 Qe7 20. Rhf1 f6 21.
Bh5 Bf7 22. Bxf7+ Qxf7 23. Qf3 Rad8 24. Ne2 d5 25. Ng3 dxe4 26. Nxe4 Bf8 27. f5
Qc4 28. Rxd8 Rxd8 29. Re1 Rd4 30. Qb3 Qxb3 31. axb3 Kf7 32. c3 Rd5 33. g4 h5
34. h3 Rd3 35. g5 Rxh3 36. g6+ Kg8 37. Rf1 Re3 38. Rf4 Rh3 39. Kc2 h4 40. Nf2
Rh2 41. Kd3 Bc5 42. Ne4 Bb6 43. Nd6 Rh3+ 44. Kc2 Rh2+ 45. Kd3 Rh3+ 46. Kc2 Rh2+
47. Kd3 Rh3+ 1/2-1/2

[Event "SERBIA CHESS OPEN 2021 - MASTERS"]
[Site "Belgrade, Hotel Metropol"]
[Date "2021.07.03"]
[Round "2.27"]
[White "Krstulovic, Alex"]
[Black "Annaberdiev, Meilis"]
[Result "1/2-1/2"]
[WhiteElo "2353"]
[BlackElo "2532"]
[PlyCount "64"]
[EventDate "2021.??.??"]

1. d4 Nf6 2. Nf3 g6 3. c4 Bg7 4. Nc3 O-O 5. e4 d6 6. Be2 e5 7. O-O exd4 8. Nxd4
Re8 9. f3 c6 10. Be3 d5 11. cxd5 cxd5 12. Nc2 Nc6 13. exd5 Nb4 14. Bd4 Nxc2 15.
Qxc2 Nxd5 16. Bxg7 Ne3 17. Qd3 Kxg7 18. Qxd8 Rxd8 19. Rfc1 Bf5 20. Kf2 Nd5 21.
Nxd5 Rxd5 22. Rd1 Rxd1 23. Rxd1 Rc8 24. Rd2 g5 25. f4 h6 26. fxg5 hxg5 27. Bf3
b6 28. Kg3 Rc4 29. h3 Rb4 30. Bd5 a5 31. a3 Rb5 32. Bc4 Rc5 1/2-1/2